| 000 | 00765nam a2200205 i 4500 | ||
|---|---|---|---|
| 001 | 180590 | ||
| 003 | ES-MaACL | ||
| 005 | 20230906221135.0 | ||
| 008 | 120614s1975 es |||| | spa d | ||
| 080 | _a547.314.2(043.2) | ||
| 100 | 1 |
_aSola Mir, Pedro. _9150585 |
|
| 245 | 1 | 0 |
_aSíntesis y estudio de aductos del dimetoxiacetileno _b: metoxicarbinos vesus dimetoxiacetileno... / _cPedro Sola Mir. |
| 260 |
_aBarcelona : _bUniversidad, Secretariado de Publicaciones, Intercambio Científico y Extensión Universitaria, _c1975. |
||
| 300 |
_a16 p. : _bil. ; _c24 cm. |
||
| 502 | _aTesis Univ. Barcelona (Extracto) | ||
| 504 | _aBibliografía. | ||
| 650 | 4 |
_aAcetileno. _9150405 |
|
| 710 | 2 |
_aUniversidad de Barcelona. _97141 |
|
| 852 |
_aES-MaACL _jE-15362(149) |
||
| 999 |
_c180590 _d180590 |
||